<?xml version="1.0" encoding="UTF-8"?>
<collection xmlns="http://www.loc.gov/MARC21/slim">
 <record>
  <leader>05984cam a2201069   4500</leader>
  <controlfield tag="001">680347852</controlfield>
  <controlfield tag="003">DE-627</controlfield>
  <controlfield tag="005">20250218020021.0</controlfield>
  <controlfield tag="007">tu</controlfield>
  <controlfield tag="008">111221s2011    gw |||||      00| ||ger c</controlfield>
  <datafield tag="015" ind1=" " ind2=" ">
   <subfield code="a">11,N51</subfield>
   <subfield code="2">dnb</subfield>
  </datafield>
  <datafield tag="015" ind1=" " ind2=" ">
   <subfield code="a">11,N51</subfield>
   <subfield code="2">dnb</subfield>
  </datafield>
  <datafield tag="016" ind1="7" ind2=" ">
   <subfield code="a">1017821429</subfield>
   <subfield code="2">DE-101</subfield>
  </datafield>
  <datafield tag="020" ind1=" " ind2=" ">
   <subfield code="a">9783930388264</subfield>
   <subfield code="c">EUR 22.80 (DE), EUR 23.50 (AT)</subfield>
   <subfield code="9">978-3-930388-26-4</subfield>
  </datafield>
  <datafield tag="024" ind1="3" ind2=" ">
   <subfield code="a">9783930388264</subfield>
  </datafield>
  <datafield tag="035" ind1=" " ind2=" ">
   <subfield code="a">(DE-627)680347852</subfield>
  </datafield>
  <datafield tag="035" ind1=" " ind2=" ">
   <subfield code="a">(DE-576)359608833</subfield>
  </datafield>
  <datafield tag="035" ind1=" " ind2=" ">
   <subfield code="a">(DE-599)DNB1017821429</subfield>
  </datafield>
  <datafield tag="035" ind1=" " ind2=" ">
   <subfield code="a">(OCoLC)780390887</subfield>
  </datafield>
  <datafield tag="035" ind1=" " ind2=" ">
   <subfield code="a">(OCoLC)780390887</subfield>
  </datafield>
  <datafield tag="040" ind1=" " ind2=" ">
   <subfield code="a">DE-627</subfield>
   <subfield code="b">ger</subfield>
   <subfield code="c">DE-627</subfield>
   <subfield code="e">rakwb</subfield>
  </datafield>
  <datafield tag="041" ind1=" " ind2=" ">
   <subfield code="a">ger</subfield>
  </datafield>
  <datafield tag="044" ind1=" " ind2=" ">
   <subfield code="c">XA-DE-BE</subfield>
  </datafield>
  <datafield tag="082" ind1="0" ind2=" ">
   <subfield code="a">725.940943028</subfield>
   <subfield code="2">22/ger</subfield>
  </datafield>
  <datafield tag="082" ind1="0" ind2="4">
   <subfield code="a">720</subfield>
   <subfield code="q">DNB</subfield>
  </datafield>
  <datafield tag="084" ind1=" " ind2=" ">
   <subfield code="a">9,10</subfield>
   <subfield code="2">ssgn</subfield>
  </datafield>
  <datafield tag="084" ind1=" " ind2=" ">
   <subfield code="a">LH 60320</subfield>
   <subfield code="2">rvk</subfield>
   <subfield code="0">(DE-625)rvk/94189:</subfield>
  </datafield>
  <datafield tag="084" ind1=" " ind2=" ">
   <subfield code="a">21.75</subfield>
   <subfield code="2">bkl</subfield>
  </datafield>
  <datafield tag="245" ind1="1" ind2="0">
   <subfield code="a">Weltkulturerbe und Europäisches Kulturerbe-Siegel in Deutschland</subfield>
   <subfield code="b">Potentiale und Nominierungsvorschläge</subfield>
   <subfield code="c">International Council on Monuments and Sites. In Zusammenarbeit mit TICCIH Deutschland. Sigrid Brandt; Jörg Haspel; Michael Petzet (Hrsg.)</subfield>
  </datafield>
  <datafield tag="250" ind1=" " ind2=" ">
   <subfield code="a">1. Aufl.</subfield>
  </datafield>
  <datafield tag="263" ind1=" " ind2=" ">
   <subfield code="a">Erscheint: 30. Dezember 2011</subfield>
  </datafield>
  <datafield tag="264" ind1=" " ind2="1">
   <subfield code="a">Berlin</subfield>
   <subfield code="b">Bäßler</subfield>
   <subfield code="c">2011</subfield>
  </datafield>
  <datafield tag="300" ind1=" " ind2=" ">
   <subfield code="a">128 S.</subfield>
   <subfield code="b">zahlr. Ill., graph. Darst., Kt.</subfield>
   <subfield code="c">30 cm</subfield>
  </datafield>
  <datafield tag="336" ind1=" " ind2=" ">
   <subfield code="a">Text</subfield>
   <subfield code="b">txt</subfield>
   <subfield code="2">rdacontent</subfield>
  </datafield>
  <datafield tag="337" ind1=" " ind2=" ">
   <subfield code="a">ohne Hilfsmittel zu benutzen</subfield>
   <subfield code="b">n</subfield>
   <subfield code="2">rdamedia</subfield>
  </datafield>
  <datafield tag="338" ind1=" " ind2=" ">
   <subfield code="a">Band</subfield>
   <subfield code="b">nc</subfield>
   <subfield code="2">rdacarrier</subfield>
  </datafield>
  <datafield tag="490" ind1="1" ind2=" ">
   <subfield code="a">Hefte des Deutschen Nationalkomitees / ICOMOS, Internationaler Rat für Denkmäler und Schutzgebiete / International Council on Monuments and Sites</subfield>
   <subfield code="v">51</subfield>
  </datafield>
  <datafield tag="583" ind1="1" ind2=" ">
   <subfield code="a">Archivierung/Langzeitarchivierung gewährleistet</subfield>
   <subfield code="f">SSG</subfield>
   <subfield code="x">XA-DE-BW</subfield>
   <subfield code="2">pdager</subfield>
   <subfield code="5">DE-16</subfield>
  </datafield>
  <datafield tag="583" ind1="1" ind2=" ">
   <subfield code="a">Archivierung prüfen</subfield>
   <subfield code="c">20240324</subfield>
   <subfield code="f">DE-4165</subfield>
   <subfield code="z">2</subfield>
   <subfield code="2">pdager</subfield>
  </datafield>
  <datafield tag="653" ind1=" " ind2=" ">
   <subfield code="a">Book</subfield>
  </datafield>
  <datafield tag="653" ind1=" " ind2=" ">
   <subfield code="a">Denkmalschutz</subfield>
  </datafield>
  <datafield tag="653" ind1=" " ind2=" ">
   <subfield code="a">Fachhochschul-/Hochschulausbildung</subfield>
  </datafield>
  <datafield tag="653" ind1=" " ind2=" ">
   <subfield code="a">Welterbe</subfield>
  </datafield>
  <datafield tag="653" ind1=" " ind2=" ">
   <subfield code="a">Weltkulturerbe</subfield>
  </datafield>
  <datafield tag="653" ind1=" " ind2=" ">
   <subfield code="a">am Weltkulturerbe Interessierte</subfield>
  </datafield>
  <datafield tag="655" ind1=" " ind2="7">
   <subfield code="a">Beispielsammlung</subfield>
   <subfield code="0">(DE-588)4144384-6</subfield>
   <subfield code="0">(DE-627)104798521</subfield>
   <subfield code="0">(DE-576)209733659</subfield>
   <subfield code="2">gnd-content</subfield>
  </datafield>
  <datafield tag="655" ind1=" " ind2="7">
   <subfield code="a">Aufsatzsammlung</subfield>
   <subfield code="0">(DE-588)4143413-4</subfield>
   <subfield code="0">(DE-627)105605727</subfield>
   <subfield code="0">(DE-576)209726091</subfield>
   <subfield code="2">gnd-content</subfield>
  </datafield>
  <datafield tag="689" ind1="0" ind2="0">
   <subfield code="d">g</subfield>
   <subfield code="0">(DE-588)4011882-4</subfield>
   <subfield code="0">(DE-627)104704861</subfield>
   <subfield code="0">(DE-576)208896155</subfield>
   <subfield code="a">Deutschland</subfield>
   <subfield code="2">gnd</subfield>
  </datafield>
  <datafield tag="689" ind1="0" ind2="1">
   <subfield code="d">s</subfield>
   <subfield code="0">(DE-588)4402276-1</subfield>
   <subfield code="0">(DE-627)193417979</subfield>
   <subfield code="0">(DE-576)212072145</subfield>
   <subfield code="a">Welterbe</subfield>
   <subfield code="2">gnd</subfield>
  </datafield>
  <datafield tag="689" ind1="0" ind2="2">
   <subfield code="d">s</subfield>
   <subfield code="0">(DE-588)4004973-5</subfield>
   <subfield code="0">(DE-627)10638354X</subfield>
   <subfield code="0">(DE-576)208858563</subfield>
   <subfield code="a">Baudenkmal</subfield>
   <subfield code="2">gnd</subfield>
  </datafield>
  <datafield tag="689" ind1="0" ind2="3">
   <subfield code="a">z</subfield>
   <subfield code="2">gnd</subfield>
   <subfield code="a">Geschichte 2011</subfield>
  </datafield>
  <datafield tag="689" ind1="0" ind2=" ">
   <subfield code="5">DE-101</subfield>
  </datafield>
  <datafield tag="689" ind1="1" ind2="0">
   <subfield code="d">g</subfield>
   <subfield code="0">(DE-588)4011882-4</subfield>
   <subfield code="0">(DE-627)104704861</subfield>
   <subfield code="0">(DE-576)208896155</subfield>
   <subfield code="a">Deutschland</subfield>
   <subfield code="2">gnd</subfield>
  </datafield>
  <datafield tag="689" ind1="1" ind2="1">
   <subfield code="d">s</subfield>
   <subfield code="0">(DE-588)4402277-3</subfield>
   <subfield code="0">(DE-627)193417987</subfield>
   <subfield code="0">(DE-576)212072153</subfield>
   <subfield code="a">Weltkulturerbe</subfield>
   <subfield code="2">gnd</subfield>
  </datafield>
  <datafield tag="689" ind1="1" ind2="2">
   <subfield code="a">z</subfield>
   <subfield code="2">gnd</subfield>
   <subfield code="a">Geschichte 2011</subfield>
  </datafield>
  <datafield tag="689" ind1="1" ind2="3">
   <subfield code="d">s</subfield>
   <subfield code="0">(DE-588)4461765-3</subfield>
   <subfield code="0">(DE-627)230758975</subfield>
   <subfield code="0">(DE-576)212678876</subfield>
   <subfield code="a">Vorschlag</subfield>
   <subfield code="2">gnd</subfield>
  </datafield>
  <datafield tag="689" ind1="1" ind2="4">
   <subfield code="d">s</subfield>
   <subfield code="0">(DE-588)4114333-4</subfield>
   <subfield code="0">(DE-627)105822957</subfield>
   <subfield code="0">(DE-576)209483733</subfield>
   <subfield code="a">Kunst</subfield>
   <subfield code="2">gnd</subfield>
  </datafield>
  <datafield tag="689" ind1="1" ind2="5">
   <subfield code="d">s</subfield>
   <subfield code="0">(DE-588)4171310-2</subfield>
   <subfield code="0">(DE-627)10539579X</subfield>
   <subfield code="0">(DE-576)209936096</subfield>
   <subfield code="a">Naturdenkmal</subfield>
   <subfield code="2">gnd</subfield>
  </datafield>
  <datafield tag="689" ind1="1" ind2="6">
   <subfield code="a">z</subfield>
   <subfield code="2">gnd</subfield>
   <subfield code="a">Geschichte</subfield>
  </datafield>
  <datafield tag="689" ind1="1" ind2=" ">
   <subfield code="5">(DE-627)</subfield>
  </datafield>
  <datafield tag="700" ind1="1" ind2=" ">
   <subfield code="a">Brandt, Sigrid</subfield>
   <subfield code="d">1968-</subfield>
   <subfield code="e">Hrsg.</subfield>
   <subfield code="0">(DE-588)131545620</subfield>
   <subfield code="0">(DE-627)510511856</subfield>
   <subfield code="0">(DE-576)298576538</subfield>
   <subfield code="4">edt</subfield>
  </datafield>
  <datafield tag="700" ind1="1" ind2=" ">
   <subfield code="8">1\p</subfield>
   <subfield code="a">Haspel, Jörg</subfield>
   <subfield code="d">1953-</subfield>
   <subfield code="0">(DE-588)111298857</subfield>
   <subfield code="0">(DE-627)557856213</subfield>
   <subfield code="0">(DE-576)161324193</subfield>
   <subfield code="4">oth</subfield>
  </datafield>
  <datafield tag="700" ind1="1" ind2=" ">
   <subfield code="a">Petzet, Michael</subfield>
   <subfield code="d">1933-2019</subfield>
   <subfield code="0">(DE-588)119122162</subfield>
   <subfield code="0">(DE-627)079916627</subfield>
   <subfield code="0">(DE-576)162535031</subfield>
   <subfield code="4">oth</subfield>
  </datafield>
  <datafield tag="710" ind1="2" ind2=" ">
   <subfield code="a">ICOMOS</subfield>
   <subfield code="0">(DE-588)1020570-6</subfield>
   <subfield code="0">(DE-627)103440631</subfield>
   <subfield code="0">(DE-576)191252212</subfield>
   <subfield code="4">oth</subfield>
  </datafield>
  <datafield tag="776" ind1="0" ind2="8">
   <subfield code="i">Erscheint auch als</subfield>
   <subfield code="n">Online-Ausgabe</subfield>
   <subfield code="t">Weltkulturerbe und Europäisches Kulturerbe-Siegel in Deutschland</subfield>
   <subfield code="b">1. Aufl.</subfield>
   <subfield code="d">Heidelberg : Univ.-Bibl., 2011</subfield>
   <subfield code="h">Online-Ressource (128 S.)</subfield>
   <subfield code="w">(DE-627)1657085139</subfield>
   <subfield code="w">(DE-576)434525022</subfield>
  </datafield>
  <datafield tag="787" ind1="0" ind2="8">
   <subfield code="i">Rezensiert in</subfield>
   <subfield code="a">Baier, Christof, 1969 - </subfield>
   <subfield code="t">[Rezension von: Weltkulturerbe und Europäisches Kulturerbe-Siegel in Deutschland, Potentiale und Nominierungsvorschläge]</subfield>
   <subfield code="d">2012</subfield>
   <subfield code="w">(DE-627)1804374601</subfield>
  </datafield>
  <datafield tag="787" ind1="0" ind2="8">
   <subfield code="i">Rezensiert in</subfield>
   <subfield code="a">Spiegel, Daniela</subfield>
   <subfield code="t">[Rezension von: Sigrid Brandt (Hrsg.), Weltkulturerbe und Europäisches Kulturerbe-Siegel in Deutschland. Potentiale und Nominierungsvorschläge]</subfield>
   <subfield code="d">2012</subfield>
   <subfield code="w">(DE-627)1848893701</subfield>
  </datafield>
  <datafield tag="830" ind1=" " ind2="0">
   <subfield code="a">ICOMOS - Hefte des Deutschen Nationalkomitees</subfield>
   <subfield code="v">51</subfield>
   <subfield code="9">51</subfield>
   <subfield code="w">(DE-627)171258568</subfield>
   <subfield code="w">(DE-576)026119366</subfield>
   <subfield code="w">(DE-600)1170959-5</subfield>
   <subfield code="x">2365-5623</subfield>
   <subfield code="7">ns</subfield>
  </datafield>
  <datafield tag="856" ind1="4" ind2="2">
   <subfield code="u">https://swbplus.bsz-bw.de/bsz359608833inh.htm</subfield>
   <subfield code="m">B:DE-576;DE-16</subfield>
   <subfield code="q">application/pdf</subfield>
   <subfield code="v">20120328173855</subfield>
   <subfield code="x">Verlag</subfield>
   <subfield code="3">Inhaltsverzeichnis</subfield>
  </datafield>
  <datafield tag="856" ind1="4" ind2="2">
   <subfield code="u">https://swbplus.bsz-bw.de/bsz359608833rez.htm</subfield>
   <subfield code="m">B:DE-576;DE-16</subfield>
   <subfield code="q">application/pdf</subfield>
   <subfield code="v">20120619131737</subfield>
   <subfield code="x">Verlag</subfield>
   <subfield code="3">Rezension</subfield>
  </datafield>
  <datafield tag="856" ind1="4" ind2="2">
   <subfield code="u">http://www.icomos.de/admin/ckeditor/plugins/alphamanager/uploads/pdf/EHL_WHL_final.pdf</subfield>
   <subfield code="x">Verlag</subfield>
   <subfield code="y">Freie elektronische Version</subfield>
  </datafield>
  <datafield tag="856" ind1="4" ind2="2">
   <subfield code="u">http://www.icomos.de/admin/ckeditor/plugins/alphamanager/uploads/pdf/LI_Baier_Weltkulturerbe_EHL.pdf</subfield>
   <subfield code="x">Verlag</subfield>
   <subfield code="y">Buchbesprechung-1</subfield>
  </datafield>
  <datafield tag="856" ind1="4" ind2="2">
   <subfield code="u">http://www.icomos.de/admin/ckeditor/plugins/alphamanager/uploads/pdf/LI_Schinker_Weltkulturerbe_EHL.pdf</subfield>
   <subfield code="x">Verlag</subfield>
   <subfield code="y">Buchbesprechung-2</subfield>
  </datafield>
  <datafield tag="856" ind1="4" ind2="2">
   <subfield code="u">http://www.icomos.de/admin/ckeditor/plugins/alphamanager/uploads/pdf/LI_Spiegel_Weltkulturerbe_EHL.pdf</subfield>
   <subfield code="x">Verlag</subfield>
   <subfield code="y">Buchbesprechung-3</subfield>
  </datafield>
  <datafield tag="883" ind1=" " ind2=" ">
   <subfield code="8">1</subfield>
   <subfield code="a">cgwrk</subfield>
   <subfield code="d">20241001</subfield>
   <subfield code="q">DE-101</subfield>
   <subfield code="u">https://d-nb.info/provenance/plan#cgwrk</subfield>
  </datafield>
  <datafield tag="935" ind1=" " ind2=" ">
   <subfield code="i">Blocktest</subfield>
  </datafield>
  <datafield tag="936" ind1="r" ind2="v">
   <subfield code="a">LH 60320</subfield>
   <subfield code="b">Denkmalpflege in der Stadt: Stadt- und Verkehrsplanung, Altstadtsanierung, Ensembleschutz</subfield>
   <subfield code="k">Kunstgeschichte</subfield>
   <subfield code="k">Allgemeines. Allgemeine Kunstgeschichte</subfield>
   <subfield code="k">Denkmalpflege</subfield>
   <subfield code="k">Denkmalpflege in der Stadt: Stadt- und Verkehrsplanung, Altstadtsanierung, Ensembleschutz</subfield>
   <subfield code="0">(DE-627)1270643290</subfield>
   <subfield code="0">(DE-625)rvk/94189:</subfield>
   <subfield code="0">(DE-576)200643290</subfield>
  </datafield>
  <datafield tag="936" ind1="b" ind2="k">
   <subfield code="a">21.75</subfield>
   <subfield code="j">Denkmalpflege</subfield>
   <subfield code="j">Stadtbildpflege</subfield>
   <subfield code="0">(DE-627)106415735</subfield>
  </datafield>
  <datafield tag="951" ind1=" " ind2=" ">
   <subfield code="a">BO</subfield>
  </datafield>
  <datafield tag="990" ind1=" " ind2=" ">
   <subfield code="a">Deutschland</subfield>
  </datafield>
  <datafield tag="990" ind1=" " ind2=" ">
   <subfield code="a">Welterbe</subfield>
  </datafield>
  <datafield tag="990" ind1=" " ind2=" ">
   <subfield code="a">Baudenkmal</subfield>
  </datafield>
  <datafield tag="990" ind1=" " ind2=" ">
   <subfield code="a">Geschichte 2011</subfield>
  </datafield>
  <datafield tag="990" ind1=" " ind2=" ">
   <subfield code="a">Deutschland</subfield>
  </datafield>
  <datafield tag="990" ind1=" " ind2=" ">
   <subfield code="a">Weltkulturerbe</subfield>
  </datafield>
  <datafield tag="990" ind1=" " ind2=" ">
   <subfield code="a">Geschichte 2011</subfield>
  </datafield>
  <datafield tag="990" ind1=" " ind2=" ">
   <subfield code="a">Vorschlag</subfield>
  </datafield>
  <datafield tag="990" ind1=" " ind2=" ">
   <subfield code="a">Kunst</subfield>
  </datafield>
  <datafield tag="990" ind1=" " ind2=" ">
   <subfield code="a">Naturdenkmal</subfield>
  </datafield>
  <datafield tag="990" ind1=" " ind2=" ">
   <subfield code="a">Geschichte</subfield>
  </datafield>
  <datafield tag="991" ind1=" " ind2=" ">
   <subfield code="a">Rezensiertes Werk</subfield>
  </datafield>
  <datafield tag="999" ind1=" " ind2=" ">
   <subfield code="a">KXP-PPN680347852</subfield>
   <subfield code="e">4171705584</subfield>
  </datafield>
 </record>
</collection>
